书目信息 |
| 题名: |
受益一生的鬼谷子智慧
|
|
| 作者: | 宋犀堃 编著 | |
| 分册: | ||
| 出版信息: | 成都 四川人民出版社 2020.04 |
|
| 页数: | 154页 | |
| 开本: | 21cm | |
| 丛书名: | ||
| 单 册: | ||
| 中图分类: | B228.02 | |
| 科图分类: | ||
| 主题词: | 纵横家 | |
| 电子资源: | ||
| ISBN: | 978-7-220-11828-9 | |
| 000 | 00873nam0 2200241 450 | |
| 001 | 012001003454 | |
| 005 | 20141205104018.0 | |
| 010 | @a978-7-220-11828-9@dCNY30.00 | |
| 100 | @a20220905d2020 em y0chiy50 ea | |
| 101 | 0 | @achi |
| 102 | @aCN@b510000 | |
| 105 | @aa z 000yy | |
| 106 | @ar | |
| 200 | 1 | @a受益一生的鬼谷子智慧@Ashou yi yi sheng de gui gu zi zhi hui@f宋犀堃编著 |
| 210 | @a成都@c四川人民出版社@d2020.04 | |
| 215 | @a154页@c图@d21cm | |
| 330 | @a本书将春秋战国时期的纵横家鬼谷子的口才、谈判等智慧进行解读与分析,并结合现代社会中日常交际、商业洽谈、营销推广、公关沟通、管理用人等领域的特点,将古代的智慧运用到现实生活中来,以达到了古为今用的目的。 | |
| 605 | @a《鬼谷子》@j通俗读物 | |
| 606 | 0 | @a纵横家 |
| 690 | @aB228.02@v5 | |
| 701 | 0 | @a宋犀堃@Asong xi kun@f(1976~)@4编著 |
| 801 | 0 | @aCN@bAHXH@c20221111 |
| 905 | @b1377895-9@dB228.02@e1031@f5 | |
| 受益一生的鬼谷子智慧/宋犀堃编著.-成都:四川人民出版社,2020.04 |
| 154页:图;21cm |
| ISBN 978-7-220-11828-9:CNY30.00 |
| 本书将春秋战国时期的纵横家鬼谷子的口才、谈判等智慧进行解读与分析,并结合现代社会中日常交际、商业洽谈、营销推广、公关沟通、管理用人等领域的特点,将古代的智慧运用到现实生活中来,以达到了古为今用的目的。 |
| ● |
| 相关链接 |
|
|
|
|
正题名:受益一生的鬼谷子智慧
索取号:B228.02/1031
 
预约/预借
| 序号 | 登录号 | 条形码 | 馆藏地/架位号 | 状态 | 备注 |
| 1 | 1377895 | 213778955 | 第一样本阅览室/ [索取号:B228.02/1031] | 在馆 | |
| 2 | 1377896 | 213778964 | 教育系资料室/ [索取号:B228.02/1031] | 在馆 | |
| 3 | 1377897 | 213778973 | 教育系资料室/ [索取号:B228.02/1031] | 在馆 | |
| 4 | 1377898 | 213778982 | 第一借阅区/ [索取号:B228.02/1031] | 在馆 | |
| 5 | 1377899 | 213778991 | 第一借阅区/ [索取号:B228.02/1031] | 在馆 |